000 00669nam a2200253Ia 4500
005 20260121153930.0
008 008 260114s9999 xx 000 0 eng d
020 _a9781003222002
037 _aEBOOK
040 _aCRL
040 _beng
040 _cCRL
041 _2eng
041 _aeng
084 _qCRL
100 _a Munyaradzi Nyakudya; Wesley Mwatwara; Joseph Mujere
_91000931
245 0 _aMultidisciplinary Perspectives on Zimbabwe?s Liberation Struggle
260 _bTaylor and Francis
260 _c2023
856 _uhttp://www.taylorfrancis.com/books/9781003222002
942 _cEBOOK
999 _c1567752
_d1567752